000 00465nam a2200193Ia 4500
003 GCL
008 140319s9999 xx 000 0 eng d
040 _aGCL /
_cGCL
082 0 4 _aCC
_b910.202
_bH C
100 1 _aHACHETTE
245 1 0 _aCAIRO, ALEXANDRIA AND ENRRONS /
_cHACHETTE
260 _a[S.N] :
_bHACHETTE ،
_c1963
300 _a139
650 0 4 _aWORLD TRAVEL GUIDES
650 0 4 _aEGYPT
650 0 4 _aCAIRO
650 0 4 _aALEXANDRIA
942 _2ddc
_cBK
999 _c13467
_d13467